1247 1566 1105 1070 1874 1329 1867 1694 1228 1372 1362 1073 1834 1551 1269 1775 1757 1076 1627 1520 1095 1497 1361 1812 1563 1611 1778 1163 1465 1943 1417 1251 1059 1036 1475 1186 1406 1533 1875 1356 1529 1362 1651 1920 1239 1850 1580 1830 1428 1326 1423 1474 1196 1597 1352 1508 1920 1188 1395 1686 1971 1289 1637 1190 1986 1968 1027 1238 1448 1294 1788 1681 1672 1277 1978 1701 1499 1498 1110 1199 1203 1505 1609 1456 1578 1856 1552 1072 1406 1292 1313 1331 1984 1947 1517 1189 1314 1953 1437 BCNSPRNW ULIB Ver.6.0+V

เปลี่ยนเป็นภาษาไทย

Change to English
 แสดงรายละเอียดบรรณานุกรม
  กลับหน้าหลัก

Brief Record : Get Marc (ISO 2709) : E-mail record : QR code < ปิดหน้าต่าง
LEADER : 00000nam 2200000uu 4500
001    13399129192
003     ULIB
008    260511s2566||||th 000 0 tha d
020 ^  ^a9786168012352
060 ^  ^aWY100.1^bส226ค
100 0  ^aสภาการพยาบาล.
245 1  ^aคู่มือการจัดการเรียนการสอนวิชาการรักษาโรคเบื้องต้นสำหรับหลักสูตรพยาบาลศาสตรบัณฑิต/^cสภาการพยาบาล.
250 ^  ^aพิมพ์ครั้งที่ 1.
260 ^  ^aนนทบุรี:^bบจก. สำนักพิมพ์สื่อตะวัน.,^c2566.
300 ^  ^a344หน้า:^bภาพประกอบ, ตาราง;^c29ซม.
505 0  ^a ^tสารบัญ :ความเป็นมา - - ^tการซักประวัติสุขภาพ - - ^tกลุ่มอาการในระบบหู คอ จมูก และตา - - ^tกลุ่มอาการในระบบทางเดินหายใจ - - ^tกลุ่มอาการในระบบหัวใจและหลอดเลือด และกลุ่มอาการทางโลหิตวิทยา - - ^tกลุ่มอาการในระบบทางเดินอาหาร - - ^tกลุ่มอาการในระบโครงร่างและกล้ามเนื้อ - - ^tกลุ่มอาการในระบบประสาท - - ^tกลุ่มอาการในระบบทางเดินปัสสาวะ - - ^tกลุ่มอาการในระบบสืบพันธุ์สตรี - - ^tกลุ่มอาการในระบบผิวหนัง - - ^tยาที่ใช้ในการรักษาโรคเบื้องต้น - - ^tการส่งต่อผู้ป่วย.
650 ^  ^aNursing Care.
650 ^  ^aการซักประวัติผู้ป่วย.
650 ^  ^aการพยาบาล.
650 ^  ^aการรักษาโรค.
650 ^  ^aการรักษาโรคเบื้องต้น.
999    ^aประนอม เกษจรัล
รายการนี้ยังไม่มีแท็ก
คุณยังไม่ได้ล็อกอิน คุณสามารถมีกิจกรรมร่วมกับเว็บไซต์ได้ แต่ต้องล็อกอินก่อน ::
  ล็อกอิน

รายการสื่อสารสนเทศ

ลำดับที่ ประเภท เลขเรียก/บาร์โค้ด สถานที่ สถานะ
1. Book การพยาบาล
หนังสือสำรอง
สถานะ=หนังสือสำรอง
WY100.1 ส226ค ฉ.1 
  Barcode: 012089
ห้องสมุดวิทยาเขตสวรรค์ประชารักษ์
►หนังสือทั่วไป
บนชั้น
2. Book การพยาบาล
Book การพยาบาล
WY100.1 ส226ค ฉ.2 
  Barcode: 012090
ห้องสมุดวิทยาเขตสวรรค์ประชารักษ์
►หนังสือทั่วไป
บนชั้น
3. Book การพยาบาล
Book การพยาบาล
WY100.1 ส226ค ฉ.3 
  Barcode: 012091
ห้องสมุดวิทยาเขตสวรรค์ประชารักษ์
►หนังสือทั่วไป
บนชั้น
4. Book การพยาบาล
Book การพยาบาล
WY100.1 ส226ค ฉ.4 
  Barcode: 012092
ห้องสมุดวิทยาเขตสวรรค์ประชารักษ์
►หนังสือทั่วไป
บนชั้น
5. Book การพยาบาล
Book การพยาบาล
WY100.1 ส226ค ฉ.5 
  Barcode: 012094
ห้องสมุดวิทยาเขตสวรรค์ประชารักษ์
►หนังสือทั่วไป
บนชั้น

รายการใกล้เคียง
    ผู้แต่ง [สภาการพยาบาล.]

    หัวเรื่อง [Nursing Care.]
    หัวเรื่อง [การซักประวัติผู้ป่วย.]
    หัวเรื่อง [การพยาบาล.]
    หัวเรื่อง [การรักษาโรค.]
    หัวเรื่อง [การรักษาโรคเบื้องต้น.]

BibComment


ยังไม่เคยถูกคอมเมนท์

คอมเมนท์ทรัพยากรรายการนี้
  คอมเมนท์: คู่มือการจัดการเ..


 Copyright 2026. Bcnsprnw @Library